[Event "Zlin Region-chT 2223"]
[Site "Czech Republic"]
[Date "2022.11.13"]
[Round "3.6"]
[White "Krca, Milan"]
[Black "Havranek, Michal"]
[Result "1/2-1/2"]
[WhiteElo "1896"]
[BlackElo "2012"]
[PlyCount "68"]
[EventDate "2022.10.09"]
[EventType "team-tourn"]
[EventRounds "11"]
[EventCountry "CZE"]
[SourceTitle "EXT 2024"]
[Source "ChessBase"]
[SourceDate "2023.10.10"]
[SourceVersion "1"]
[SourceVersionDate "2023.10.10"]
[SourceQuality "1"]
[WhiteTeam "Stare Mesto  III"]
[BlackTeam "Borsice"]
[WhiteTeamCountry "CZE"]
[BlackTeamCountry "CZE"]

1. e4 c6 2. d4 d5 3. exd5 cxd5 4. Nf3 Nc6 5. c3 Nf6 6. Bd3 Bg4 7. Bf4 e6 8. h3 Bh5 9. Nbd2 Bg6 10. Bxg6 hxg6 11. 0-0 Bd6 12. Ne5 0-0 13. Nxc6 bxc6 14. Bxd6 Qxd6 15. Qe2 c5 16. dxc5 Qxc5 17. Rfe1 Rab8 18. Nb3 Qb6 19. Rad1 Rfc8 20. Rd4 Rb7 21. Rb4 Qc7 22. Rxb7 Qxb7 23. Rd1 Ne4 24. Rd4 Nd6 25. Rb4 Qe7 26. Qa6 Rc4 27. Rb8+ Kh7 28. Nd2 Rc7 29. Qa4 Qg5 30. Nf3 Qc1+ 31. Kh2 Rc4 32. Qxa7 Qf4+ 33. Kg1 Qc1+ 34. Kh2 Qf4+ 1/2-1/2

[Event "Zlin Region-chT 2223"]
[Site "Czech Republic"]
[Date "2022.10.09"]
[Round "1.6"]
[White "Hobza, Vojtech"]
[Black "Havranek, Michal"]
[Result "0-1"]
[WhiteElo "1659"]
[BlackElo "2012"]
[PlyCount "62"]
[EventDate "2022.10.09"]
[EventType "team-tourn"]
[EventRounds "11"]
[EventCountry "CZE"]
[SourceTitle "EXT 2024"]
[Source "ChessBase"]
[SourceDate "2023.10.10"]
[SourceVersion "1"]
[SourceVersionDate "2023.10.10"]
[SourceQuality "1"]
[WhiteTeam "Zlin Malenovice"]
[BlackTeam "Borsice"]
[WhiteTeamCountry "CZE"]
[BlackTeamCountry "CZE"]

1. d4 d5 2. c4 c6 3. Nf3 Nf6 4. Nc3 e6 5. e3 Be7 6. Bd3 dxc4 7. Bxc4 b5 8. Bd3 Bb7 9. 0-0 0-0 10. e4 Nbd7 11. Qc2 Ne8 12. e5 g6 13. Bh6 Ng7 14. Ne4 Rc8 15. Nc5 Qc7 16. b4 Rfd8 17. Bxg7 Nxc5 18. bxc5 Kxg7 19. a4 a5 20. axb5 cxb5 21. Be4 Bxe4 22. Qxe4 Rb8 23. Rfb1 b4 24. Nd2 Bxc5 25. Rc1 Rxd4 26. Qc2 Rd5 27. Nb3 Rb5 28. Qc4 Qb6 29. Qf4 Be7 30. Nd2 g5 31. Qg3 Rxd2 0-1

[Event "CZE-chT2E 2122"]
[Site "Czech Republic"]
[Date "2022.04.03"]
[Round "11.7"]
[White "Havranek, Michal"]
[Black "Tovarek, Antonin2222"]
[Result "1/2-1/2"]
[WhiteElo "1985"]
[BlackElo "1826"]
[PlyCount "108"]
[EventDate "2021.10.17"]
[EventType "team-tourn"]
[EventRounds "11"]
[EventCountry "CZE"]
[SourceTitle "EXT 2024"]
[Source "ChessBase"]
[SourceDate "2023.10.10"]
[SourceVersion "1"]
[SourceVersionDate "2023.10.10"]
[SourceQuality "1"]
[WhiteTeam "Borsice"]
[BlackTeam "Jundrov Jezdci II"]
[WhiteTeamCountry "CZE"]
[BlackTeamCountry "CZE"]

1. Nf3 Nf6 2. d4 d5 3. e3 e6 4. c4 Bb4+ 5. Nc3 a6 6. Bd3 dxc4 7. Bxc4 0-0 8. 0-0 b5 9. Bd3 Bb7 10. a3 Bxc3 11. bxc3 Nbd7 12. c4 bxc4 13. Bxc4 c5 14. Rb1 Be4 15. Bd3 Qc7 16. Bxe4 Nxe4 17. Qd3 Ndf6 18. Bb2 c4 19. Qc2 Rfc8 20. Rfc1 Qa5 21. Ne5 Nd6 22. Bc3 Qd5 23. f3 Nb5 24. Qa2 Ne8 25. a4 Nxc3 26. Rxc3 Nd6 27. Rbc1 Rcb8 28. Nxc4 Nf5 29. Qc2 g6 30. Ne5 Rb7 31. Qd3 Rb2 32. R1c2 Qa2 33. e4 Rxc2 34. Qxc2 Qxc2 35. Rxc2 Nxd4 36. Rc7 f5 37. Nd7 h5 38. Kf2 f4 39. h4 Rd8 40. g3 fxg3+ 41. Kxg3 Ne2+ 42. Kf2 Nf4 43. Ke3 Ng2+ 44. Kd4 Nxh4 45. Ke5 Nxf3+ 46. Kf4 Nd4 47. Nf6+ Kf8 48. Kg5 Nf3+ 49. Kxg6 Ne5+ 50. Kxh5 Rd4 51. a5 Ra4 52. Rc5 Nc4 53. Kg6 e5 54. Rc7 Nd6 1/2-1/2

[Event "CZE-chT2E 2122"]
[Site "Czech Republic"]
[Date "2022.02.13"]
[Round "8.6"]
[White "Havranek, Michal"]
[Black "Hrabal, Michal"]
[Result "1/2-1/2"]
[WhiteElo "1985"]
[BlackElo "2057"]
[PlyCount "94"]
[EventDate "2021.10.17"]
[EventType "team-tourn"]
[EventRounds "11"]
[EventCountry "CZE"]
[SourceTitle "EXT 2024"]
[Source "ChessBase"]
[SourceDate "2023.10.10"]
[SourceVersion "1"]
[SourceVersionDate "2023.10.10"]
[SourceQuality "1"]
[WhiteTeam "Borsice"]
[BlackTeam "Jihlava Gambit"]
[WhiteTeamCountry "CZE"]
[BlackTeamCountry "CZE"]

1. e4 e5 2. Nf3 Nc6 3. Nc3 Nf6 4. d4 exd4 5. Nxd4 Bb4 6. Nxc6 bxc6 7. Bd3 d5 8. exd5 cxd5 9. Qe2+ Qe7 10. Qxe7+ Kxe7 11. Bd2 c6 12. 0-0-0 Re8 13. f3 Kf8 14. Rhe1 Be6 15. Ne2 Bxd2+ 16. Rxd2 c5 17. Bb5 Red8 18. Nf4 Rab8 19. Nxe6+ fxe6 20. Bf1 Kf7 21. g3 Rb6 22. Bh3 c4 23. Rde2 Re8 24. b3 c3 25. Rd1 e5 26. Rde1 e4 27. fxe4 Rxe4 28. Rxe4 Nxe4 29. Bg2 Nf6 30. Re5 Rd6 31. Bf3 h6 32. Kd1 Ne4 33. Ke2 Kf6 34. Re8 Ng5 35. Bg2 d4 36. Kd3 Nf7 37. Re1 Ne5+ 38. Ke4 Ng4 39. Rf1+ Ke7 40. Kd3 Ne5+ 41. Ke4 Nd7 42. b4 d3 43. cxd3 Nf6+ 44. Ke3 Ng4+ 45. Ke2 Re6+ 46. Be4 Nf6 47. Rc1 Nxe4 1/2-1/2

[Event "CZE-chT2E 1920"]
[Site "Czech Republic"]
[Date "2020.01.12"]
[Round "6.6"]
[White "Fojtik, Tomas"]
[Black "Havranek, Michal"]
[Result "1/2-1/2"]
[WhiteElo "2029"]
[BlackElo "1961"]
[PlyCount "93"]
[EventDate "2019.10.13"]
[EventType "team-tourn"]
[EventRounds "11"]
[EventCountry "CZE"]
[SourceTitle "EXT 2024"]
[Source "ChessBase"]
[SourceDate "2023.10.10"]
[SourceVersion "1"]
[SourceVersionDate "2023.10.10"]
[SourceQuality "1"]
[WhiteTeam "Lipovec Garde"]
[BlackTeam "Borsice"]
[WhiteTeamCountry "CZE"]
[BlackTeamCountry "CZE"]

1. c4 c6 2. Nf3 d5 3. b3 Nf6 4. Bb2 Bf5 5. g3 e6 6. Bg2 h6 7. 0-0 Be7 8. d3 0-0 9. Nbd2 Nbd7 10. a3 Rc8 11. b4 b6 12. Nd4 Bh7 13. b5 cxb5 14. Nxb5 a6 15. Nc3 Nc5 16. cxd5 exd5 17. Nb3 Qd7 18. Nd4 Rfd8 19. Rb1 b5 20. Rc1 Qg4 21. Nf3 Qe6 22. Re1 Qb6 23. Nb1 Na4 24. Bd4 Bc5 25. Bxc5 Rxc5 26. Rxc5 Qxc5 27. Qc1 Rc8 28. Qxc5 Rxc5 29. Nd4 Kf8 30. Nd2 Rc3 31. N2b3 Ke7 32. Rc1 Rxc1+ 33. Nxc1 Kd6 34. Ncb3 Nd7 35. Kf1 Ndc5 36. Nd2 Ne6 37. Nc2 Bf5 38. Ke1 Nc7 39. Nb3 Bd7 40. Kd2 Ne6 41. Ne3 Nc7 42. Nc2 Nc5 43. Nxc5 Kxc5 44. Kc3 a5 45. d4+ Kd6 46. f3 Na8 47. e4 1/2-1/2

[Event "CZE-chT2E 1920"]
[Site "Czech Republic"]
[Date "2019.12.15"]
[Round "5.8"]
[White "Havranek, Michal"]
[Black "Kubat, Pavel"]
[Result "1/2-1/2"]
[WhiteElo "1961"]
[BlackElo "1933"]
[PlyCount "77"]
[EventDate "2019.10.13"]
[EventType "team-tourn"]
[EventRounds "11"]
[EventCountry "CZE"]
[SourceTitle "EXT 2024"]
[Source "ChessBase"]
[SourceDate "2023.10.10"]
[SourceVersion "1"]
[SourceVersionDate "2023.10.10"]
[SourceQuality "1"]
[WhiteTeam "Borsice"]
[BlackTeam "Orechov Orel"]
[WhiteTeamCountry "CZE"]
[BlackTeamCountry "CZE"]

1. e4 d6 2. d4 Nf6 3. Nc3 Nbd7 4. Be3 e5 5. d5 Be7 6. f3 c6 7. dxc6 bxc6 8. Bc4 0-0 9. Nge2 Nb6 10. Bb3 Ba6 11. 0-0 Nc4 12. Bxc4 Bxc4 13. Re1 d5 14. exd5 cxd5 15. Bf2 Bb4 16. a3 Ba5 17. Ng3 d4 18. b4 dxc3 19. bxa5 Qxa5 20. Qd6 Rfe8 21. Ne4 Nxe4 22. Rxe4 Rad8 23. Qb4 Qxb4 24. axb4 Bb5 25. Re3 a6 26. Rxc3 Rd2 27. Rc5 Be2 28. Be3 Rd6 29. Kf2 Bb5 30. c4 Bd7 31. Rc7 Rc8 32. Rxc8+ Bxc8 33. b5 f6 34. c5 Re6 35. bxa6 Rxa6 36. Rb1 Kf7 37. Rb6 Rxb6 38. cxb6 Bb7 39. g3 1/2-1/2

[Event "CZE-chT2E 1112"]
[Site "Czech Republic"]
[Date "2012.03.25"]
[Round "10.8"]
[White "Bem, Josef"]
[Black "Havranek, Michal"]
[Result "0-1"]
[WhiteElo "1898"]
[BlackElo "2028"]
[PlyCount "88"]
[EventDate "2011.10.09"]
[EventType "team-tourn"]
[EventRounds "11"]
[EventCountry "CZE"]
[SourceTitle "EXT 2013"]
[Source "ChessBase"]
[SourceDate "2012.11.22"]
[SourceVersion "1"]
[SourceVersionDate "2012.11.22"]
[SourceQuality "1"]
[WhiteTeam "Sumperk"]
[BlackTeam "Borsice"]
[WhiteTeamCountry "CZE"]
[BlackTeamCountry "CZE"]

1. Nf3 d5 2. d4 Nf6 3. e3 Bf5 4. c4 c6 5. Nc3 e6 6. a3 Be7 7. Bd3 Bxd3 8. Qxd3 0-0 9. 0-0 Nbd7 10. b3 Rc8 11. Bb2 c5 12. cxd5 exd5 13. Rfc1 c4 14. Qc2 a6 15. b4 b5 16. Re1 Re8 17. Nd2 Qb6 18. Qf5 g6 19. Qf3 Qd6 20. e4 dxe4 21. Ncxe4 Qb6 22. Nc5 Nb8 23. Re2 Rcd8 24. Rae1 Nc6 25. Nde4 Nd5 26. Qg3 Bf8 27. Ng5 Rxe2 28. Rxe2 h6 29. Nf3 Bg7 30. Qh4 g5 31. Qe4 a5 32. bxa5 Nxa5 33. Qc2 Nf4 34. Rd2 Qc6 35. Qe4 Qxe4 36. Nxe4 Nb3 37. Rd1 g4 38. Nh4 Bxd4 39. Bxd4 Rxd4 40. Rxd4 Nxd4 41. Nf6+ Kg7 42. Ne4 Nd5 43. Kf1 f5 44. Nc5 Kf6 0-1

[Event "CZE-chT2E 1112"]
[Site "Czech Republic"]
[Date "2012.02.05"]
[Round "7.6"]
[White "Pise, Jan"]
[Black "Havranek, Michal"]
[Result "1-0"]
[WhiteElo "2051"]
[BlackElo "2028"]
[PlyCount "141"]
[EventDate "2011.10.09"]
[EventType "team-tourn"]
[EventRounds "11"]
[EventCountry "CZE"]
[SourceTitle "EXT 2013"]
[Source "ChessBase"]
[SourceDate "2012.11.22"]
[SourceVersion "1"]
[SourceVersionDate "2012.11.22"]
[SourceQuality "1"]
[WhiteTeam "Adamov"]
[BlackTeam "Borsice"]
[WhiteTeamCountry "CZE"]
[BlackTeamCountry "CZE"]

1. d4 d5 2. Bg5 Nf6 3. e3 h6 4. Bh4 g5 5. Bg3 Ne4 6. Bd3 Nxg3 7. hxg3 e6 8. Nd2 c5 9. c3 Nc6 10. f4 cxd4 11. exd4 Bd6 12. Qf3 Bd7 13. Ne2 Qf6 14. 0-0-0 0-0-0 15. Rh5 Qg7 16. Rdh1 f6 17. Bc2 Be8 18. R5h2 Bf7 19. Rf1 g4 20. Qd3 Kb8 21. Kb1 e5 22. Rfh1 Ne7 23. Nf1 Bg6 24. Qd2 Bxc2+ 25. Qxc2 Rc8 26. Ne3 Rc6 27. Rh4 exf4 28. gxf4 h5 29. g3 Qf7 30. Qd3 f5 31. Nc1 Bc7 32. Qd2 Re6 33. Nd3 b6 34. Ne5 Bxe5 35. dxe5 Reh6 36. Nc2 Nc6 37. Nd4 Nxd4 38. Qxd4 Qe6 39. b3 R6h7 40. Kb2 Kb7 41. a3 a6 42. Qf2 Qc6 43. Rd1 Rc8 44. Qd4 Ka7 45. Qd3 a5 46. a4 Qc5 47. Rh2 h4 48. gxh4 Rg7 49. Rg2 g3 50. Rc1 Rg4 51. Qxf5 Rxh4 52. Qg5 Rh3 53. Qg4 Rch8 54. Rcc2 R8h4 55. Qd7+ Ka6 56. Qd8 Rh8 57. Qf6 d4 58. Qf5 dxc3+ 59. Rxc3 Qe7 60. Qd3+ Ka7 61. Rxg3 Rh2+ 62. Rc2 Rxc2+ 63. Qxc2 Rh1 64. Rc3 Rh7 65. Qf2 Rg7 66. Rc2 Rh7 67. Qd4 Rh3 68. f5 Qg7 69. Qd6 Ka6 70. Qe6 Rh4 71. f6 1-0

[Event "CZE-chT2E 1011"]
[Site "Czech Republic"]
[Date "2010.11.07"]
[Round "2.5"]
[White "Svanda, Josef"]
[Black "Havranek, Michal"]
[Result "1/2-1/2"]
[WhiteElo "2089"]
[BlackElo "2029"]
[PlyCount "130"]
[EventDate "2010.10.17"]
[EventType "team-tourn"]
[EventRounds "11"]
[EventCountry "CZE"]
[SourceTitle "EXT 2012"]
[Source "ChessBase"]
[SourceDate "2011.11.24"]
[SourceVersion "1"]
[SourceVersionDate "2011.11.24"]
[SourceQuality "1"]
[WhiteTeam "Znojmo"]
[BlackTeam "Borsice"]
[WhiteTeamCountry "CZE"]
[BlackTeamCountry "CZE"]

1. e4 e5 2. Nf3 Nc6 3. Bb5 a6 4. Ba4 b5 5. Bb3 Nf6 6. 0-0 Nxe4 7. d4 d5 8. dxe5 Be6 9. Qe2 Na5 10. Nd4 Nxb3 11. axb3 Bc5 12. Nxe6 fxe6 13. Be3 Bxe3 14. Qxe3 0-0 15. c4 c6 16. f3 Qh4 17. Na3 Ng5 18. Nc2 Qh6 19. f4 Ne4 20. Nd4 c5 21. Ne2 Qg6 22. Nc3 Nxc3 23. bxc3 bxc4 24. bxc4 dxc4 25. Qxc5 Rfc8 26. Qd6 a5 27. f5 exf5 28. Qd5+ Qf7 29. e6 Qa7+ 30. Kh1 Rc5 31. Qd6 Qc7 32. Qxc7 Rxc7 33. Rxf5 a4 34. Rd5 Kf8 35. Rf5+ Ke7 36. Rf7+ Kd6 37. Rd1+ Kc6 38. e7 Re8 39. Rf4 Rcxe7 40. Rxc4+ Kb5 41. Rb4+ Kc5 42. Kg1 Re1+ 43. Rxe1 Rxe1+ 44. Kf2 Ra1 45. Rb7 Ra2+ 46. Kf3 Rc2 47. Rxg7 Rxc3+ 48. Ke2 a3 49. Ra7 Kb4 50. Kd2 Rc5 51. g4 h5 52. h3 hxg4 53. hxg4 Rc4 54. Rb7+ Ka4 55. g5 a2 56. g6 Rg4 57. g7 Ka3 58. Ra7+ Kb3 59. Rb7+ Kc4 60. Ra7 Rxg7 61. Ra8 Kb3 62. Rb8+ Ka3 63. Ra8+ Kb2 64. Rb8+ Ka1 65. Rc8 Rg2+ 1/2-1/2

[Event "CZE-chT2e 0607"]
[Site "Czech Republic"]
[Date "2007.02.11"]
[Round "7.3"]
[White "Hodovsky, Jiri"]
[Black "Havranek, Michal"]
[Result "0-1"]
[WhiteElo "2127"]
[BlackElo "2015"]
[PlyCount "138"]
[EventDate "2006.10.15"]
[EventType "team"]
[EventRounds "11"]
[EventCountry "CZE"]
[SourceTitle "EXT 2009"]
[Source "ChessBase"]
[SourceDate "2008.11.26"]
[SourceVersion "1"]
[SourceVersionDate "2008.11.26"]
[SourceQuality "1"]

1. Nf3 d5 2. g3 Nf6 3. Bg2 Bf5 4. d4 e6 5. c4 c6 6. Nc3 Bd6 7. Nh4 Bg6 8. 0-0 0-0 9. Nxg6 hxg6 10. e4 Nxe4 11. Nxe4 dxe4 12. Bxe4 Nd7 13. Qe2 Nf6 14. Bg2 Re8 15. Rd1 Qc7 16. c5 Be7 17. Bf4 Qd7 18. Rac1 Nd5 19. Bd2 Bf6 20. Be1 Rad8 21. Ba5 Rc8 22. Qc4 Bd8 23. Bxd8 Rcxd8 24. b4 a6 25. Rd3 Qe7 26. a4 Nc7 27. Re1 Qf6 28. Red1 Rd7 29. Qc1 Red8 30. Qd2 e5 31. b5 axb5 32. axb5 Rxd4 33. Qe2 Nxb5 34. Rxd4 Rxd4 35. Rxd4 Nxd4 36. Qb2 Qe7 37. Bh3 Qxc5 38. Qxb7 Nf3+ 39. Kg2 Ne1+ 40. Kf1 Nd3 41. Qa8+ Kh7 42. Qa2 Qc1+ 43. Ke2 e4 44. Qd2 Qxd2+ 45. Kxd2 Nxf2 46. Bd7 f5 47. Bxc6 Ng4 48. h4 Kh6 49. Bd7 Kh5 50. Ke2 Ne5 51. Be6 Kg4 52. Kf2 Nd3+ 53. Kg2 Ne1+ 54. Kf2 Nf3 55. Kg2 g5 56. hxg5 Kxg5 57. Bd5 Kf6 58. Kf2 Ke5 59. Bf7 g5 60. Bh5 Nd4 61. Bd1 f4 62. gxf4+ gxf4 63. Bh5 f3 64. Ke3 Nf5+ 65. Kf2 Kf4 66. Be8 e3+ 67. Kg1 Ng3 68. Bb5 f2+ 69. Kg2 f1Q+ 0-1

[Event "CZE-chT2e 0607"]
[Site "Czech Republic"]
[Date "2006.12.03"]
[Round "4.4"]
[White "Vavra, Pavel1111"]
[Black "Havranek, Michal"]
[Result "1/2-1/2"]
[WhiteElo "2171"]
[BlackElo "2015"]
[PlyCount "74"]
[EventDate "2006.10.15"]
[EventType "team"]
[EventRounds "11"]
[EventCountry "CZE"]
[SourceTitle "EXT 2009"]
[Source "ChessBase"]
[SourceDate "2008.11.26"]
[SourceVersion "1"]
[SourceVersionDate "2008.11.26"]
[SourceQuality "1"]

1. Nf3 d5 2. d4 Nf6 3. c4 e6 4. Nc3 Be7 5. Bg5 0-0 6. e3 Ne4 7. Bxe7 Qxe7 8. Bd3 Nxc3 9. bxc3 dxc4 10. Bxc4 Nc6 11. 0-0 e5 12. Bd5 Qd6 13. Bxc6 Qxc6 14. Nxe5 Qxc3 15. Rc1 Qa3 16. Qe2 c6 17. Rfd1 Be6 18. Nc4 Bxc4 19. Qxc4 Rfd8 20. Rb1 Rab8 21. h3 g6 22. Rd3 Qa5 23. e4 Rd7 24. Rbd1 Rbd8 25. d5 cxd5 26. Rxd5 Rxd5 27. exd5 Qb6 28. g3 Qd6 29. Kg2 a6 30. a4 Rd7 31. h4 Kg7 32. Rd3 Re7 33. Qd4+ f6 34. Rb3 Rd7 35. Rd3 Re7 36. Rb3 Rd7 37. Rd3 Re7 1/2-1/2

[Event "CZE-chT2e 0607"]
[Site "Czech Republic"]
[Date "2006.11.05"]
[Round "2.4"]
[White "Uricar, Jakub"]
[Black "Havranek, Michal"]
[Result "1-0"]
[WhiteElo "2076"]
[BlackElo "2015"]
[PlyCount "43"]
[EventDate "2006.10.15"]
[EventType "team"]
[EventRounds "11"]
[EventCountry "CZE"]
[SourceTitle "EXT 2009"]
[Source "ChessBase"]
[SourceDate "2008.11.26"]
[SourceVersion "1"]
[SourceVersionDate "2008.11.26"]
[SourceQuality "1"]

1. e4 c6 2. d4 d5 3. exd5 cxd5 4. Bd3 Nf6 5. Bf4 e6 6. Nf3 Bd6 7. Ne5 0-0 8. c3 Nc6 9. Nd2 Qc7 10. Ndf3 g6 11. h3 Nh5 12. Bh6 Re8 13. Qe2 f6 14. Nxg6 Ng3 15. fxg3 Bxg3+ 16. Kd1 hxg6 17. Bxg6 Re7 18. Nd2 e5 19. Qf3 exd4 20. Qxf6 Bd7 21. Rf1 Be5 22. Qf8+ 1-0

[Event "CZE-chT2e 0506"]
[Site "Czech Republic"]
[Date "2006.01.15"]
[Round "6.5"]
[White "Havranek, Michal"]
[Black "Vavra, Pavel"]
[Result "1/2-1/2"]
[WhiteElo "2026"]
[BlackElo "2171"]
[PlyCount "104"]
[EventDate "2005.10.16"]
[EventType "team"]
[EventRounds "11"]
[EventCountry "CZE"]
[SourceTitle "EXT 2008"]
[Source "ChessBase"]
[SourceDate "2007.11.25"]
[SourceVersion "1"]
[SourceVersionDate "2007.11.25"]
[SourceQuality "1"]

1. e4 c5 2. Nc3 Nc6 3. f4 g6 4. Nf3 Bg7 5. d3 d6 6. Be2 e6 7. 0-0 Nge7 8. Be3 Nd4 9. Rb1 0-0 10. Qd2 b6 11. Nd1 Bb7 12. c3 Nxe2+ 13. Qxe2 Qd7 14. Nf2 Rae8 15. d4 f5 16. e5 cxd4 17. cxd4 Bxf3 18. Qxf3 dxe5 19. dxe5 Nd5 20. Rfd1 Rc8 21. Rd2 Rfd8 22. h4 Qa4 23. b3 Qe8 24. Nh3 Bf8 25. Bd4 Be7 26. Ng5 Bxg5 27. hxg5 Rc7 28. Bb2 Qe7 29. Rbd1 Rcd7 30. g3 a5 31. Qf2 Qb4 32. Rd4 Qf8 33. Rc1 b5 34. Qd2 b4 35. Rc6 Qe8 36. Ra6 Ra8 37. Qe2 Rxa6 38. Qxa6 Kf7 39. Qxa5 Qc8 40. Rc4 Qb7 41. Bd4 Nc3 42. Bxc3 bxc3 43. Qxc3 Qa7+ 44. Kf1 Qxa2 45. Rc7 Qa6+ 46. Qc4 Qa1+ 47. Kg2 Qb2+ 48. Kh3 Qd2 49. Qc6 Rxc7 50. Qxc7+ Kg8 51. Qc8+ Kg7 52. Qxe6 Qd1 1/2-1/2

[Event "CZE-chT2e 0405"]
[Site "Czech Republic"]
[Date "2005.03.06"]
[Round "9.3"]
[White "Havranek, Michal"]
[Black "Hrubes, Pavel"]
[Result "1/2-1/2"]
[WhiteElo "2022"]
[BlackElo "2130"]
[PlyCount "80"]
[EventDate "2004.10.17"]
[EventType "team"]
[EventRounds "11"]
[EventCountry "CZE"]
[SourceTitle "EXT 2007"]
[Source "ChessBase"]
[SourceDate "2006.11.23"]
[SourceVersion "1"]
[SourceVersionDate "2006.11.23"]
[SourceQuality "1"]

1. e4 c6 2. d4 d6 3. f4 g6 4. Nf3 Bg7 5. Nc3 Nf6 6. Be2 0-0 7. 0-0 Nbd7 8. Be3 Ng4 9. Qd2 Nxe3 10. Qxe3 e5 11. fxe5 dxe5 12. d5 cxd5 13. Nxd5 b6 14. Rad1 Nc5 15. b4 Ne6 16. Nxe5 Bxe5 17. Nf6+ Bxf6 18. Rxd8 Bxd8 19. Kh1 Bg5 20. Qg3 a5 21. Bc4 Be7 22. Bd5 Ba6 23. b5 Bxb5 24. c4 Ba6 25. Bxa8 Rxa8 26. Qf2 Rf8 27. Qxb6 Bxc4 28. Rc1 Bxa2 29. Qxa5 Bg5 30. Ra1 Bc4 31. Qb4 Bd3 32. g3 Rd8 33. Kg2 Nd4 34. Qb7 Re8 35. Ra8 Bd8 36. Qd7 Bxe4+ 37. Kf2 Bc6 38. Qxe8+ Bxe8 39. Rxd8 Kf8 40. Rxd4 h5 1/2-1/2

[Event "CZE-chT2e 0405"]
[Site "Czech Republic"]
[Date "2005.02.20"]
[Round "8.4"]
[White "Havranek, Michal"]
[Black "Ruzicka, Milan"]
[Result "1-0"]
[WhiteElo "2022"]
[BlackElo "2069"]
[PlyCount "113"]
[EventDate "2004.10.17"]
[EventType "team"]
[EventRounds "11"]
[EventCountry "CZE"]
[SourceTitle "EXT 2007"]
[Source "ChessBase"]
[SourceDate "2006.11.23"]
[SourceVersion "1"]
[SourceVersionDate "2006.11.23"]
[SourceQuality "1"]

1. e4 e6 2. d4 d5 3. exd5 exd5 4. Nf3 Bd6 5. Nc3 c6 6. Bg5 f6 7. Bh4 Bg4 8. Qd3 Ne7 9. Bg3 Na6 10. a3 Qc7 11. 0-0-0 0-0-0 12. Be2 Bf5 13. Qd2 b5 14. Bxb5 cxb5 15. Nxb5 Qb6 16. Nxd6+ Rxd6 17. Bxd6 Qxd6 18. Rhe1 Nc6 19. Re3 Kb8 20. h3 Rc8 21. Ne1 Nc7 22. g4 Bg6 23. f4 Be4 24. c4 Ne6 25. Rxe4 dxe4 26. d5 Ncd4 27. Kb1 Nb3 28. Qc3 Nec5 29. Nc2 Ka8 30. Nd4 Rb8 31. Nb5 Qd7 32. d6 a6 33. Nc7+ Ka7 34. Rd5 Rb6 35. Qe3 Rxd6 36. Rxc5 Nxc5 37. Qxc5+ Kb7 38. Nd5 Rc6 39. Qd4 Qe8 40. b4 Kb8 41. Kb2 Qe6 42. a4 Rd6 43. Kc3 h5 44. f5 Qe8 45. b5 axb5 46. axb5 h4 47. c5 Rxd5 48. Qxd5 Qxb5 49. Qg8+ Kc7 50. Qxg7+ Kc8 51. Qf8+ Kb7 52. Qe7+ Kb8 53. Qd8+ Kb7 54. Qb6+ Qxb6 55. cxb6 Kxb6 56. g5 Kc5 57. g6 1-0

[Event "CZE-chT2e 0405"]
[Site "Czech Republic"]
[Date "2005.01.16"]
[Round "6.5"]
[White "Sojka, Ales"]
[Black "Havranek, Michal"]
[Result "1/2-1/2"]
[WhiteElo "2119"]
[BlackElo "2022"]
[PlyCount "93"]
[EventDate "2004.10.17"]
[EventType "team"]
[EventRounds "11"]
[EventCountry "CZE"]
[SourceTitle "EXT 2007"]
[Source "ChessBase"]
[SourceDate "2006.11.23"]
[SourceVersion "1"]
[SourceVersionDate "2006.11.23"]
[SourceQuality "1"]

1. e4 c6 2. d4 d5 3. exd5 cxd5 4. c3 Nf6 5. Nf3 Nc6 6. Bf4 e6 7. Bd3 Bd6 8. Bxd6 Qxd6 9. 0-0 0-0 10. Re1 Re8 11. Ne5 Qe7 12. Nd2 Nxe5 13. dxe5 Nd7 14. Qh5 g6 15. Qh6 Qf8 16. Qh4 Qe7 17. Qf4 f6 18. exf6 Qxf6 19. Qxf6 Nxf6 20. Nf3 Bd7 21. Re2 Re7 22. Rae1 Rae8 23. Ne5 Bc6 24. f3 Nd7 25. Nxd7 Bxd7 26. c4 Bc6 27. f4 Kf7 28. b4 b6 29. Kf2 Rd8 30. f5 dxc4 31. fxe6+ Kf6 32. Bxc4 Rd4 33. Bb3 Bd5 34. Ke3 Re4+ 35. Kd3 Rxe2 36. Rxe2 Bxb3 37. axb3 Rxe6 38. Rf2+ Ke7 39. Kd4 Rc6 40. Ra2 Rc7 41. Kd5 Kd7 42. g4 Ke7 43. g5 Kd7 44. h4 Ke7 45. Re2+ Kd7 46. h5 Rc3 47. hxg6 1/2-1/2